Guia de recerca / Grup de Treball d'Arxius i Fons d'Arquitectura, Associació d'Arxivers de Catalunya
Descripción Física:
47 p. ; 30 cm
MARC
| LEADER | 00000nam a2200000Ia 4500 | ||
|---|---|---|---|
| 001 | 15458 | ||
| 008 | 160829s9999 xx 000 0 cat d | ||
| 080 | |a FU-38-3 | ||
| 245 | |a Guia de recerca / Grup de Treball d'Arxius i Fons d'Arquitectura, Associació d'Arxivers de Catalunya | ||
| 260 | |a [Barcelona : |b el Grup], [2003] | ||
| 300 | |a 47 p. ; |c 30 cm | ||
| 590 | |a A part conté: Acta de la reunió del Grup el dia 25 de març de 2003 i Valoració d'un dibuix signat per Lluís Domènech i Montaner | ||
| 610 | 2 | 0 | |a Associació d'Arxivers de Catalunya. |b Grup de Treball d'Arxius i Fons d'Arquitectura |9 55511 |
| 650 | |a Arquitectura |x Fons d'arxius |x Catalunya |x Guies |9 31805 | ||
| 710 | 2 | |a Associació d'Arxivers de Catalunya. |b Grup de Treball d'Arxius i Fons d'Arquitectura |9 55511 | |
| 901 | |a Arxiu | ||
| 942 | |n 1 | ||
| 952 | |0 0 |1 0 |4 0 |6 FU383 |7 1 |9 45762 |a Arxiu |b Arxiu |d 2016-12-01 |l 0 |o FU-38-3 |p 15458 |r 2016-12-01 00:00:00 |w 2016-12-01 |y ARXIU | ||
| 999 | |c 49262 |d 49262 | ||